[Event "Mittelfranken-chTB2a 1213"]
[Site "Germany"]
[Date "2013.03.10"]
[Round "8.6"]
[White "Hinzmann, Alexander"]
[Black "Koch, Walter1"]
[Result "1/2-1/2"]
[WhiteElo "1673"]
[BlackElo "1814"]
[PlyCount "90"]
[EventDate "2012.10.07"]
[EventType "team-tourn"]
[EventRounds "9"]
[EventCountry "GER"]
[SourceTitle "EXT 2019"]
[Source "ChessBase"]
[SourceDate "2018.10.10"]
[SourceVersion "1"]
[SourceVersionDate "2018.10.10"]
[SourceQuality "1"]
[WhiteTeam "Fuerth SF II"]
[BlackTeam "Cadolzburg"]
[WhiteTeamCountry "GER"]
[BlackTeamCountry "GER"]

1. d4 d5 2. c4 Nf6 3. Nc3 c6 4. Bg5 e6 5. e3 Bb4 6. a3 Bxc3+ 7. bxc3 dxc4 8. Bxf6 Qxf6 9. Bxc4 Nd7 10. Nf3 0-0 11. 0-0 e5 12. Qc2 exd4 13. exd4 c5 14. Rfe1 cxd4 15. cxd4 Nb6 16. Bb3 Bd7 17. Ne5 Be6 18. Rad1 Rfd8 19. Bxe6 Qxe6 20. Re3 Nd5 21. Rh3 h6 22. Rb3 Rac8 23. Qb2 Nf4 24. Re3 Qd5 25. Nf3 Re8 26. Rde1 Rxe3 27. Rxe3 g5 28. h3 Ne6 29. Rd3 Nf4 30. Rd2 Nxh3+ 31. Kh2 Nf4 32. Kg1 Qc4 33. Ne5 Qd5 34. Nf3 Rc4 35. Rc2 Rxc2 36. Qxc2 g4 37. Qc8+ Kh7 38. Qxg4 Qe4 39. Kh2 f5 40. Qh4 Ne6 41. Qe7+ Kg8 42. Ne5 Qf4+ 43. g3 Qxf2+ 44. Kh1 Qf1+ 45. Kh2 Qf2+ 1/2-1/2

[Event "Mittelfranken-chTB2a 1213"]
[Site "Germany"]
[Date "2013.01.27"]
[Round "1.5"]
[White "Kaiser, Hans1"]
[Black "Hinzmann, Alexander"]
[Result "1/2-1/2"]
[WhiteElo "2100"]
[BlackElo "1673"]
[PlyCount "97"]
[EventDate "2012.10.07"]
[EventType "team-tourn"]
[EventRounds "9"]
[EventCountry "GER"]
[SourceTitle "EXT 2019"]
[Source "ChessBase"]
[SourceDate "2018.10.10"]
[SourceVersion "1"]
[SourceVersionDate "2018.10.10"]
[SourceQuality "1"]
[WhiteTeam "Bad Windsheim"]
[BlackTeam "Fuerth SF II"]
[WhiteTeamCountry "GER"]
[BlackTeamCountry "GER"]

1. e4 c6 2. d4 d5 3. Nc3 e6 4. Nf3 dxe4 5. Nxe4 Nf6 6. Bd3 Be7 7. 0-0 0-0 8. Qe2 Nbd7 9. Re1 Nd5 10. c4 Nb4 11. Bb1 Nf6 12. a3 Na6 13. b4 Nc7 14. Bb2 b5 15. Bd3 a6 16. Nxf6+ Bxf6 17. Qe4 g6 18. Qxc6 Rb8 19. Qe4 Bb7 20. Qe3 Bxf3 21. Qxf3 Bxd4 22. Bxd4 Qxd4 23. c5 Nd5 24. Be4 Nc3 25. Rac1 Nxe4 26. Rxe4 Qb2 27. Rd1 Rfd8 28. Ree1 Qc2 29. Rc1 Qd3 30. Re3 Qd4 31. g3 Qd2 32. Rec3 Rd5 33. Qe3 Rc8 34. Qxd2 Rxd2 35. Kf1 Kf8 36. Ke1 Rd4 37. Rd1 Rxd1+ 38. Kxd1 Ke7 39. Rd3 Rc6 40. f4 f6 41. Ke2 a5 42. Kd2 axb4 43. axb4 Ra6 44. Kc2 Ra2+ 45. Kb3 Rxh2 46. c6 Rh1 47. Kb2 Rh2+ 48. Kb3 Rh1 49. Kb2 1/2-1/2

[Event "Mittelfranken-chTB2a 1112"]
[Site "Germany"]
[Date "2012.01.15"]
[Round "5.8"]
[White "Hinzmann, Alexander"]
[Black "Weinelt, Franz"]
[Result "0-1"]
[WhiteElo "1684"]
[BlackElo "1602"]
[PlyCount "146"]
[EventDate "2011.09.25"]
[EventType "team-tourn"]
[EventRounds "9"]
[EventCountry "GER"]
[SourceTitle "EXT 2013"]
[Source "ChessBase"]
[SourceDate "2012.11.22"]
[SourceVersion "1"]
[SourceVersionDate "2012.11.22"]
[SourceQuality "1"]
[WhiteTeam "Fuerth II"]
[BlackTeam "Grossenseebach"]
[WhiteTeamCountry "GER"]
[BlackTeamCountry "GER"]

1. e4 e6 2. d4 d5 3. exd5 exd5 4. Nc3 c6 5. g3 Nf6 6. Bg2 Bd6 7. Nf3 0-0 8. 0-0 Re8 9. Be3 b5 10. a3 a5 11. Qc1 Nbd7 12. Nh4 Nf8 13. f4 Ra7 14. Nf3 Rae7 15. Ne5 Qc7 16. Bf2 Ba6 17. b4 axb4 18. axb4 Bc8 19. Qb2 Ng4 20. Na2 Nxf2 21. Rxf2 f6 22. Nf3 Bf5 23. c3 Nd7 24. Nc1 Nb6 25. Nb3 Na4 26. Qd2 Re3 27. Re1 Rxe1+ 28. Nxe1 Qe7 29. Nc2 Bxc2 30. Qxc2 Qe1+ 31. Rf1 Qe3+ 32. Kh1 Qxc3 33. Qxc3 Nxc3 34. Na5 Rc8 35. Rc1 Bxb4 36. Nxc6 Rxc6 37. Bxd5+ Nxd5 38. Rxc6 h6 39. Kg2 Be7 40. Kf3 f5 41. Ke2 Kf7 42. Rc8 b4 43. Rb8 Kg6 44. Kd3 Kf6 45. Kc4 Ne3+ 46. Kb5 Nf1 47. Kc6 Nxh2 48. d5 Kf7 49. d6 Bxd6 50. Kxd6 Nf1 51. Rb7+ Kf6 52. Rxb4 Nxg3 53. Kd5 Kg6 54. Rb3 Nh5 55. Ke5 Nf6 56. Rb6 h5 57. Ra6 h4 58. Ra3 Ng4+ 59. Ke6 Nh6 60. Rh3 Kh5 61. Ke5 g6 62. Kf6 Ng4+ 63. Kg7 g5 64. Rf3 gxf4 65. Rxf4 Kg5 66. Rf3 f4 67. Ra3 Ne3 68. Kf7 Kg4 69. Kf6 h3 70. Ke6 h2 71. Ra1 Kg3 72. Ke5 Ng4+ 73. Kd4 Nf2 0-1

[Event "Mittelfranken-chTB2a 1112"]
[Site "Germany"]
[Date "2011.10.23"]
[Round "2.8"]
[White "Meulner, Fabian"]
[Black "Hinzmann, Alexander"]
[Result "1-0"]
[WhiteElo "1732"]
[BlackElo "1684"]
[PlyCount "61"]
[EventDate "2011.09.25"]
[EventType "team-tourn"]
[EventRounds "9"]
[EventCountry "GER"]
[SourceTitle "EXT 2013"]
[Source "ChessBase"]
[SourceDate "2012.11.22"]
[SourceVersion "1"]
[SourceVersionDate "2012.11.22"]
[SourceQuality "1"]
[WhiteTeam "Nuernberg Sued SW III"]
[BlackTeam "Fuerth II"]
[WhiteTeamCountry "GER"]
[BlackTeamCountry "GER"]

1. d4 d5 2. c4 e6 3. Nc3 Nf6 4. Bg5 Be7 5. e3 0-0 6. cxd5 Nxd5 7. Bxe7 Qxe7 8. Bd3 Nd7 9. Nf3 c6 10. Nxd5 cxd5 11. 0-0 b6 12. Rc1 Nf6 13. Ne5 Bb7 14. Qa4 Rfd8 15. Rc3 Ne8 16. Rfc1 f6 17. Nc6 Bxc6 18. Rxc6 Rab8 19. Qc2 f5 20. Qe2 Rd7 21. Rc8 Rxc8 22. Rxc8 Rc7 23. Rxc7 Qxc7 24. Qc2 Qd7 25. Qb3 Nd6 26. h3 b5 27. a4 bxa4 28. Qb4 Kf7 29. Bc2 Nc4 30. Bxa4 a5 31. Qxc4 1-0

[Event "Mittelfrankenliga-B2a 0506"]
[Site "Germany"]
[Date "2006.01.29"]
[Round "5.8"]
[White "Kilinski, Evgeni"]
[Black "Hinzmann, Alexander"]
[Result "0-1"]
[WhiteElo "1540"]
[BlackElo "1586"]
[PlyCount "50"]
[EventDate "2005.10.16"]
[EventType "team-tourn"]
[EventRounds "9"]
[EventCountry "GER"]
[SourceTitle "EXT 2007"]
[Source "ChessBase"]
[SourceDate "2006.11.23"]
[SourceVersion "1"]
[SourceVersionDate "2006.11.23"]
[SourceQuality "1"]

1. e4 e5 2. Nf3 Nc6 3. Bc4 Bc5 4. 0-0 d6 5. Nc3 a6 6. d3 Na5 7. Bg5 f6 8. Bxg8 fxg5 9. Bc4 Nxc4 10. dxc4 0-0 11. a3 Be6 12. Qe2 Bg4 13. b4 Bxf3 14. gxf3 Bd4 15. Qd3 Qf6 16. Kg2 Rf7 17. Nd5 Qg6 18. c3 Ba7 19. Rg1 Raf8 20. Kf1 c6 21. Ne3 Bxe3 22. Qxe3 Rxf3 23. Qxg5 Rxf2+ 24. Ke1 Qxe4+ 25. Kd1 Qe2+ 0-1